Catalog

Record Details

Catalog Search



Behind the masks : the diary of Angeline Reddy / ... Read More

Series: Dear America

Available copies

  • 2 of 2 copies available at LARL/NWRL Consortium.

Current holds

0 current holds with 2 total copies.

Show Only Available Copies
Location Call Number / Copy Notes Barcode Shelving Location Status Due Date
Roseau Public Library j PAT (Text) 35500005214315 Main Available -
Warroad Public Library j PAT (Text) 35500006538290 Main Available -

Record details

  • ISBN: 9780545304375 (paper-over-board)
  • ISBN: 0545304377 (paper-over-board)
  • Physical Description: 293 p. : ill., map ; 20 cm.
  • Edition: 1st ed.
  • Publisher: New York : Scholastic, 2012.

Content descriptions

General Note:
"Bodie, California, 1880"--Cover.
Summary, etc.:
In the "wild west" of an 1880s California ... Read More
Subject: Frontier and pioneer life > California > Juvenile fiction.
Brigands and robbers > Juvenile fiction.
Gold mines and mining > Juvenile fiction.
California > History > 19th century > Juvenile fiction.
Frontier and pioneer life > California > Fiction.
Robbers and outlaws > Fiction.
Diaries > Fiction.
Lawyers > Fiction.
Gold mines and mining > Fiction.
California > History > 19th century > Fiction.
Mystery and detective stories.
Genre: Legal stories.
Diary fiction.
Mystery fiction.
LDR 02501cam a2200553 a 4500
001138919
003LARL_NWRL_CONSORTIUM
00520120124130209.0
008110805s2012 nyuab c 000 1 eng
020 . ‡a9780545304375 (paper-over-board)
020 . ‡a0545304377 (paper-over-board)
035 . ‡a(OCoLC)727710091
042 . ‡alcac ‡apcc
08200. ‡a[Fic] ‡223
1001 . ‡aPatron, Susan, ‡d1948- ‡0(LARL_NWRL_CONSORTIUM)202421
24510. ‡aBehind the masks : ‡bthe diary of Angeline Reddy / ‡cSusan Patron.
24630. ‡aDiary of Angeline Reddy
250 . ‡a1st ed.
260 . ‡aNew York : ‡bScholastic, ‡c2012.
300 . ‡a293 p. : ‡bill., map ; ‡c20 cm.
4900 . ‡aDear America
500 . ‡a"Bodie, California, 1880"--Cover.
520 . ‡aIn the "wild west" of an 1880s California gold-mining town, Angeline investigates the supposed murder of her father, a famous criminal lawyer, who she and her mother are certain is still alive. Includes historical notes and instructions for making a mask from muslin.
650 0. ‡aFrontier and pioneer life ‡zCalifornia ‡vJuvenile fiction.
650 0. ‡aBrigands and robbers ‡vJuvenile fiction.
650 0. ‡aGold mines and mining ‡vJuvenile fiction.
651 0. ‡aCalifornia ‡xHistory ‡y19th century ‡vJuvenile fiction.
650 1. ‡aFrontier and pioneer life ‡zCalifornia ‡vFiction.
650 1. ‡aRobbers and outlaws ‡vFiction.
650 1. ‡aDiaries ‡vFiction. ‡0(LARL_NWRL_CONSORTIUM)168979
650 1. ‡aLawyers ‡vFiction.
650 1. ‡aGold mines and mining ‡vFiction. ‡0(LARL_NWRL_CONSORTIUM)165501
651 1. ‡aCalifornia ‡xHistory ‡y19th century ‡vFiction.
650 1. ‡aMystery and detective stories. ‡0(LARL_NWRL_CONSORTIUM)176113
655 7. ‡aLegal stories. ‡2lcsh
655 7. ‡aDiary fiction. ‡2lcsh
655 7. ‡aMystery fiction. ‡2gsafd
901 . ‡a138919 ‡bOCLC ‡c138919 ‡tbiblio

Additional Resources